000
00362nam a2200169Ia 4500
100
_a
Shinn/George
650
_a
Philosophy
942
_c
BK
366
_f
25
654
_a
motivation
245
_a
The Miracle of Motivation
260
_b
Better Yourself Books
_a
Bandra
_c
1981
082
_a
170/SHI
_b
SHI
300
_a
247
546
_a
ENGLISH
999
_c
22183
_d
22183